| 000 | 003920000a22001450004500 | ||
|---|---|---|---|
| 090 |
_aAR _b01824 |
||
| 245 | 1 | 0 | _aPolución por sustancias minerales no nutritivas |
| 650 | 1 | 4 |
_aOceanografía _995277 |
| 650 | 1 | 4 |
_aContaminación marina _931816 |
| 650 | 1 | 4 |
_aFauna marina _993372 |
| 041 | 0 | _aEspañol | |
| 100 | 1 |
_aPeres, J. M. _995278 |
|
| 942 | _cARTICULO | ||
| 773 | 1 |
_tPreprint _33 _q22-31 _d1970? |
|
| 999 |
_c10901 _d10901 |
||